000 00214 a2200097 4500
020 _a9781589520769
041 _aspa
100 _aLilly, Melinda
245 _aAletin y el dia que el cielo se vino abajo
942 _cBK
999 _c10241
_d10241